000 01025namaa22002771i 4500
003 EG-GICUC
005 20260420110646.0
008 260420s1990 le ||||jr|||| 00| 0 ara d
040 _aEG-GiCUC
_bara
_cEG-GiCUC
_dEG-GiCUC
_erda
082 0 4 _221
_a413
_bM2965
092 0 4 _221
_a413
_bM2965
099 _a413 M2965 1990
100 1 _aابن منظور، محمد بن مكرم،
_d1232-1311 او 1312.
_eمؤلف.
245 1 _aلسان العرب /
_cللامام العلامى أبى الفضل جمال الدين محمد بن مكرم ابن منظور الافريقى المصرى
264 _aبيروت (لبنان) :
_bدار بيروت،
_c1990.
300 _a؛ 15 مجلد
_c24 سم
336 _2rdacontent
_atext
337 _2rdamedia
_aUnmediated
338 _2rdacarrier
_avolume
504 _a.
541 _aد. جابر عصفور ؛
_bالقاهرة ؛
_cإهداء ؛
_d2024.
650 1 7 _aاللغة العربية
_2qrmak
651 1 _2qrmak
905 _aHuda
942 _2ddc
_cREF
_e21
_n0
999 _c179598
_d179598